Chanteurs par lettre. J - Statistiques

Statistiques générales
  • Ce quiz a été pris 320 fois
  • Le résultat moyen est 7 sur 15
Statistiques - réponses
Chansons Chanteurs % Correct
Billie jean / Thriller Mickael Jackson
95%
J'oublie tout / Tchikita Jul
87%
Donne moi le temps / Au soleil Jenifer
80%
Come / Makeba Jain
64%
Ca ira / Les filles d'aujourd'hui Joyce Jonathan
60%
Drunk in love / Empire state in mind Jay-Z
58%
J'aime bien / XS Josman
40%
Je te donne / A nos actes manqués Michael Jones
40%
Je rap / Ma Benz JoeyStarr
38%
La boite de jazz / Joueurs de blues Michel Jonasz
38%
Ramenez le grec à la maison / Bye bye Joyca
25%
Mon roi / Facile Camélia Jordana
24%
Racailles / Le retour du rap français Kery James
10%
Quatrième rendez-vous / Les champs magnétiques Jean-Michel Jarre
5%
Biban / La fête Jeanfils
4%
Aucun quiz correspondant
Distribution des résultats
% des personnes avec chaque résultat
Percentile par nombre de réponses
Votre historique - résultats
Vous n’avez pas pris ce quiz